| 000 | 01023cam a2200277 a 4500 | ||
|---|---|---|---|
| 999 |
_c219551 _d219551 |
||
| 001 | 12200243 | ||
| 003 | Nust | ||
| 005 | 20170214091004.0 | ||
| 008 | 001012s2001 nyu 000 1 eng | ||
| 010 | _a 00046024 | ||
| 020 | _a9780330371964 | ||
| 040 |
_aDLC _cDLC _dDLC |
||
| 043 | _an-us-ca | ||
| 050 | 0 | 0 |
_aPS3557.R13 _bP3 2001 |
| 082 | 0 | 0 |
_a813.54 _bGRA |
| 100 | 1 | _aGrafton, Sue. | |
| 245 | 1 | 0 |
_a"P" is for peril / _cSue Grafton. |
| 260 |
_aNew York : _bG.P. Putnam's Sons, _c2001. |
||
| 300 |
_a513 p. ; _c24 cm. |
||
| 500 | _a"A Marian Wood book." | ||
| 650 | 0 |
_aMillhone, Kinsey (Fictitious character) _vFiction. |
|
| 650 | 0 |
_aWomen private investigators _zCalifornia _vFiction. |
|
| 651 | 0 |
_aCalifornia _vFiction. |
|
| 655 | 7 |
_aMystery fiction. _2gsafd |
|
| 906 |
_a7 _bcbc _corignew _d1 _eocip _f20 _gy-gencatlg |
||
| 942 |
_2ddc _cBK |
||